000 00639nam a2200217Ia 4500
005 20241129104403.0
008 241129s9999||||xx |||||||||||||| ||und||
020 _a9789394262300
037 _aTextual
040 _aRTL
_beng
_cRTL
041 _aeng
_2eng
084 _aY.291 R3
_qRTL
100 _aKumar Umesh
_9500828
245 0 _aAdaptation of the Jarawa to Andaman Islands
_cKumar Umesh
260 _aNew Delhi
_bManohar Publishers & Distributors
_c2023
300 _a243p.
365 _aINR
_b1350
650 _aSociology- Andaman Islands- India
_9726153
942 _cTB
_hY.291 R3
999 _c1225670
_d1225670